Eastern Utah Libraries Catalog: Duchesne, Heber, Roosevelt, & Vernal

Talk to me : (Record no. 366167)

MARC details
000 -LEADER
fixed length control field 01871aam a2200409 i 4500
001 - CONTROL NUMBER
control field on1227086472
003 - CONTROL NUMBER IDENTIFIER
control field OCoLC
005 - DATE AND TIME OF LATEST TRANSACTION
control field 20211014141847.0
008 - FIXED-LENGTH DATA ELEMENTS--GENERAL INFORMATION
fixed length control field 201217s2021 nyu 000 1 eng d
020 ## - INTERNATIONAL STANDARD BOOK NUMBER
International Standard Book Number 9780063052857
Qualifying information (hbk.)
020 ## - INTERNATIONAL STANDARD BOOK NUMBER
International Standard Book Number 0063052857
Qualifying information (hbk.)
035 ## - SYSTEM CONTROL NUMBER
System control number (OCoLC)1227086472
040 ## - CATALOGING SOURCE
Original cataloging agency YDX
Language of cataloging eng
Description conventions rda
Transcribing agency YDX
Modifying agency BDX
-- T3Q
-- OCLCO
-- OCLCF
-- CNNWP
-- CVM
-- TnLvILS
043 ## - GEOGRAPHIC AREA CODE
Geographic area code n-us-ca
092 ## - LOCALLY ASSIGNED DEWEY CALL NUMBER (OCLC)
Classification number F Boyle
100 1# - MAIN ENTRY--PERSONAL NAME
Personal name Boyle, T. Coraghessan,
Relator term author.
9 (RLIN) 5470
245 10 - TITLE STATEMENT
Title Talk to me :
Remainder of title a novel /
Statement of responsibility, etc T. Coraghessan Boyle.
250 ## - EDITION STATEMENT
Edition statement First edition.
264 #1 - Production, Publication, Distribution, Manufacture, and Copyright Notice.
Place of production, publication, distribution, manufacture New York, NY :
Name of producer, publisher, distributor, manufacturer Ecco, an imprint of HarperCollinsPublishers,
Date of production, publication, distribution, manufacture, or copyr [2021]
300 ## - PHYSICAL DESCRIPTION
Extent 337 pages ;
Dimensions 24 cm.
336 ## - Content Type
Content type term text
337 ## - Media type
Media type term unmediated
338 ## - Carrier type
Carrier type term volume
520 ## - SUMMARY, ETC.
Summary, etc "When animal behaviorist Guy Schermerhorn demonstrates on a TV game show that he has taught Sam, his juvenile chimp, to speak in sign language, Aimee Villard, an undergraduate at Guy's university, is so taken with the performance that she applies to become his assistant. A romantic and intellectual attachment soon morphs into an interspecies love triangle that pushes hard at the boundaries of consciousness and the question of what we know and how we know it"--
650 #0 - SUBJECT ADDED ENTRY--TOPICAL TERM
Topical term or geographic name as entry element Women college students
Form subdivision Fiction.
9 (RLIN) 5687738
650 #0 - SUBJECT ADDED ENTRY--TOPICAL TERM
Topical term or geographic name as entry element Psychologists
Form subdivision Fiction.
9 (RLIN) 5741148
650 #0 - SUBJECT ADDED ENTRY--TOPICAL TERM
Topical term or geographic name as entry element Animal behavior
Form subdivision Fiction.
9 (RLIN) 6430383
650 #0 - SUBJECT ADDED ENTRY--TOPICAL TERM
Topical term or geographic name as entry element Sign language
Form subdivision Fiction.
9 (RLIN) 5764516
650 #0 - SUBJECT ADDED ENTRY--TOPICAL TERM
Topical term or geographic name as entry element Human-animal relationships
Form subdivision Fiction.
9 (RLIN) 5676174
650 #0 - SUBJECT ADDED ENTRY--TOPICAL TERM
Topical term or geographic name as entry element Man-woman relationships
Form subdivision Fiction.
9 (RLIN) 5674079
650 #0 - SUBJECT ADDED ENTRY--TOPICAL TERM
Topical term or geographic name as entry element Interpersonal relations
Form subdivision Fiction.
9 (RLIN) 5673978
651 #0 - SUBJECT ADDED ENTRY--GEOGRAPHIC NAME
Geographic name California
Form subdivision Fiction.
9 (RLIN) 5674690
655 #7 - INDEX TERM--GENRE/FORM
Genre/form data or focus term Psychological fiction.
Source of term lcgft.
9 (RLIN) 5673631
655 #7 - INDEX TERM--GENRE/FORM
Genre/form data or focus term Romance fiction.
Source of term lcgft.
907 ## - LOCAL DATA ELEMENT G, LDG (RLIN)
a .b451279451
942 ## - ADDED ENTRY ELEMENTS (KOHA)
Source of classification or shelving scheme Dewey Decimal Classification
Koha item type BOOK
Holdings
Withdrawn status Lost status Source of classification or shelving scheme Damaged status Not for loan Collection code Home library Current library Shelving location Date acquired Total Checkouts Full call number Barcode Date last seen Date checked out Cost, replacement price Price effective from Koha item type
    Dewey Decimal Classification     Fiction Wasatch County Library Wasatch County Library First Floor 04/17/2023 1 F Boyle 34301001878596 06/24/2024 06/11/2024 27.99 04/17/2023 BOOK
This project was made possible through a grant from the Institute of Museum and Library Service administered by the Utah State Library Division.

Wasatch County Library

  • 465 East 1200 South, Heber City, Utah 84032
  • Phone 435-654-1511 | Fax 435-654-6456

Hours

  • Monday - Friday 9:30 AM - 8:00 PM
  • Saturday 9:30 AM - 1:30 PM
  • Closed Sundays and Holidays